| 000 | 00390nam a2200157Ia 4500 | ||
|---|---|---|---|
| 008 | 230312s9999||||xx |||||||||||||| ||und|| | ||
| 020 | _a81-317-2695-2 | ||
| 082 |
_a621.367 _bGON-D |
||
| 100 | _aGonzalez;Rafael.C | ||
| 245 | 0 | _aDigital Image Processing | |
| 260 |
_bPearson _aIndia _c1 |
||
| 300 | _a954 | ||
| 546 | _aEng. | ||
| 650 |
_aEngineering _vDigital Image Processing |
||
| 942 | _cBK | ||
| 999 |
_c8971 _d8971 |
||